[Event "SWE-ch"]
[Site "Vaxjo"]
[Date "2008.07.02"]
[Round "5"]
[White "Berg, Emanuel"]
[Black "Carlsson, Pontus"]
[Result "1-0"]
[WhiteElo "2601"]
[BlackElo "2514"]
[Annotator "Berg,E"]
[PlyCount "67"]
[EventDate "2008.06.28"]
[EventType "tourn"]
[EventRounds "13"]
[EventCountry "SWE"]
[SourceTitle "CBM 125"]
[Source "ChessBase"]
[SourceDate "2008.07.30"]
[SourceVersion "1"]
[SourceVersionDate "2008.07.30"]
[SourceQuality "1"]

1. e4 c5 2. Nc3 Nc6 3. f4 g6 4. Nf3 Bg7 5. Bb5 Nd4 6. O-O Nxb5 7. Nxb5 d5 8. e5
({White can also play} 8. exd5 {but it looks wrong to open the position when
Black has the pair of bishops. Then there might follow} a6 9. Nc3 Nf6 10. d4
Nxd5 (10... c4 $5) 11. dxc5 Nxc3 12. Qxd8+ Kxd8 13. bxc3 {and White's activity
and pressure along the b-file should compensate for the bad pawn structure and
Black's pair of bishops.}) 8... d4 {Black prevents White from playing d4. After
} (8... Bg4 9. d4 a6 10. Nc3 cxd4 11. Qxd4 Bxf3 12. Rxf3 e6 13. Na4 {White has
a slight edge as in Berg-Carlsson, Rilton Cup 2007.}) 9. c3 a6 10. Na3 b5 11.
cxd4 (11. Nc2 $5 {is also interesting with the idea} d3 12. Ne3 {followed by
b3 and the development of the bishop to a3 or b2.}) 11... cxd4 12. d3 $146 {
A novelty. This move is only mentioned in some game comments. White fixes the
black pawn on d4 and will soon pick it up by Nc2. However Black will get very
active play in compensation for the pawn, and the light-squared bishop will
get a nice diagonal.} ({The alternative is} 12. Nc2 d3 13. Ne3 Nh6 14. b3 O-O
15. Bb2 {which was played in the game 1/2-1/2 Minasian,A-Pelletier,Y/Luzern
1997 (52)}) 12... Nh6 {The knight is heading for f5 to protect the d4-pawn.}
13. Nc2 Nf5 14. g4 {This is a serious weakness in front of White's king, but
it's now absolutely necessary as otherwise Black will just be clearly better.}
({Trying to pick up the pawn by playing} 14. b3 O-O 15. Bb2 {is bad in view of}
f6 {and Black opens the position and has excellent play.}) 14... Ne3 15. Bxe3
dxe3 16. Nxe3 Qb6 {This move has not been mentioned in any analyses, but it's
a very natural one and probably also the best.} ({Here Bangiev gives} 16... h5
{with compensation in his comments to the game Minasian-Pelletier, Luzern 1997.
But after} 17. g5 {I think White's prospects are a bit better than in the game
as now it will be more difficult for Black to force the pawn break ...f7-f6.})
17. d4 Bb7 {Black has got strong pressure for his sacrificed pawn and now
threatens to play Rd8, so WHite must protect the d4-pawn further.} 18. Qd3 Rd8
19. Rad1 O-O {Black has completed development and is ready to continue either
with doubling the rooks on the d-file or breaking with ...f6. The white king
is now very vulnerable and needs to find refuge rather quickly. Having thought
for almost half an hour I finally admitted that my king would never be safe on
any of the diagonals a7-g1 or a8-h1, because of Black's strong X-Ray attack by
queen and bishop. Having realised that this was a fact, it was easy to decide
that the king hould move upwards to g3.} 20. Kg2 $1 {By playing this move
White is not only heading for g3 with his King, but also enables the option of
d4-d5 as the knight on e3 will no longer be pinned.} f6 ({Doubling on the
d-file by} 20... Rd7 {doesn't bother White as after} 21. d5 Rfd8 22. Qb3 $1 {
Black cannot make any progress.}) 21. Kg3 {White completes the King manoeuvre
as ...fxe5 can be met by the intermediate check on b3.} Kh8 $6 {This is a bit
slow and gives White active play.} ({Better was} 21... fxe5 {to open up the
game right away.} 22. Qb3+ e6 $1 (22... Kh8 23. Nxe5 ({Not} 23. dxe5 $2 {
when Black gets a dangerous attack after} Rxd1 24. Nxd1 Bxf3 25. Qxf3 (25. Rxf3
$4 {loses to} Qg1+ 26. Kh3 h5 $19) 25... g5 $1 {and White is in trouble.})
23... e6 24. g5 {White keeps the extra pawn and stands slightly better.}) 23.
dxe5 Rxd1 24. Nxd1 Bxf3 25. Rxf3 g5 $1 {with excellent counterplay for Black.}
({Here White survives after} 25... Qg1+ 26. Kh3 {because the e6-pawn is en
prise by check in the event of ...h5.}) {There might follow} 26. fxg5 ({After} 
26. f5 Bxe5+ 27. Kg2 Re8 {we have an unbalanced position with chances for both
sides.}) 26... Bxe5+ 27. Kh3 (27. Kg2 Qc6) 27... Rxf3+ 28. Qxf3 Qd6 29. Nc3 Qd2
30. Qa8+ Kg7 31. Qb7+ Kg8 32. Qa8+ $11 {with perpetual checks.}) 22. d5 fxe5
23. fxe5 e6 {Black seems to be doing well as the white pawn centre is about to
collapse, but White will get counterplay along the f-file.} 24. Ng5 $1 {
Now the central pawn will be lost, but Black will ifnd it hard to defend
himself against all the knight forks.} {A mistake in heavy time trouble. After
this White wins an exchange and has a rather easy game.} Qc7 $2 ({Better was} 
24... Bxe5+ 25. Kh3 exd5 $1 (25... Kg8 {is met by} 26. Rxf8+ Rxf8 27. dxe6 {
which was what I had planned during the game. Now there is no clear way to
exploit the vulnerable position of White's king as Black's king is not that
safe either and the pawn on e6 is very powerful.} {If Black tries} Rf2 {
there is simply} 28. Rd2 {defending.}) 26. Nf7+ Rxf7 27. Rxf7 d4 {and Black
has a pawn and the pair of bishops which compensate for the material deficit.})
25. Kh3 $1 {A nice intermediate move, renewing the threat of Nxe6. Black has
no choice, but will lose materiel no matter how he plays.} Qxe5 {This loses an
exchange, so Black should have gone for the alternative} (25... Rxf1 $1 {
and after} 26. Rxf1 Bxd5 27. Qa3 $1 (27. Nf7+ $2 {allows} Qxf7 $1 28. Rxf7 Bg2+
29. Kxg2 Rxd3 {when suddenly Black has the upper hand.}) 27... Re8 28. Nxd5
exd5 29. Qxa6 {White is a pawn up, but Black still has good chances of
survival.}) 26. Nf7+ Rxf7 27. Rxf7 Bxd5 28. Nxd5 exd5 {Here White can win in
several ways, but after having thought for some time I decided just to keep it
simple, to protect myself and to win by technique. As my opponent now only had
seconds left to complete the time control this turned out to be a wise
decision and the win ran very smoothly.} (28... Rxd5 29. Qf3 Rxd1 30. Rf8+ Bxf8
31. Qxf8#) 29. Rd2 Qg5 30. Re2 Bf6 $4 {This loses straight away. Black could
have put up more resistance, but it would not have changed the result in the
end.} 31. Qf3 Bg7 32. Ree7 Rg8 33. Rxg7 Rxg7 34. Re8+ {Black resigne in view
of Qc3+ next move with mate to follow.} 1-0

[Event "Wch U20 55th"]
[Site "Bhubaneswar"]
[Date "2016.08.20"]
[Round "12"]
[White "Bersamina, Paulo"]
[Black "Xiong, Jeffery"]
[Result "0-1"]
[WhiteElo "2402"]
[BlackElo "2633"]
[Annotator "Besenthal,K"]
[PlyCount "155"]
[EventDate "2016.08.08"]
[EventType "swiss"]
[EventRounds "13"]
[EventCountry "IND"]
[SourceTitle "CBM 173 Extra"]
[Source "ChessBase"]
[SourceDate "2016.08.29"]
[SourceVersion "1"]
[SourceVersionDate "2016.08.29"]
[SourceQuality "1"]

1. e4 c5 2. Nc3 d6 3. f4 Nc6 4. Nf3 g6 5. Bb5 Bd7 6. O-O Bg7 7. Bc4 {Diagramm 
[#] Dieser zweite Zug mit dem Läufer sieht etwas merkwürdig aus, doch selbst
Magnus Carlsen hat schon so gespielt. Das eigentlich wünschenswerte d6-d5
geht jetzt erst einmal nicht.} Na5 8. Be2 {Der meistgespielte Zug.} ({Carlsen
packte die Sache anders an; es entstand eine sehenswerte Stellung mit einem
Triplebauern, die etwas besser für Schwarz war:} 8. d3 Nxc4 9. dxc4 Bxc3 10.
bxc3 Bc6 11. e5 Qc7 12. Qd3 f5 13. Ng5 h6 14. Qh3 dxe5 15. Be3 e4 16. Ne6 Qc8
17. Nxc5 Nf6 18. Bd4 Kf7 19. Rae1 a5 20. Re2 b5 21. Nb3 bxc4 22. Nd2 Bd5 23.
Rfe1 Qd8 24. Qh4 e6 25. Rb1 Qe7 26. Nxc4 Nd7 27. Qxe7+ Kxe7 28. Ne3 Rhb8 29.
Rxb8 Rxb8 30. c4 Bc6 31. Rd2 e5 32. Bxe5 Nxe5 33. fxe5 f4 34. Nd5+ Bxd5 35.
Rxd5 Rb1+ 36. Kf2 Rb2 37. Rd4 Rxc2+ 38. Kf1 f3 39. gxf3 exf3 40. Rd6 g5 41.
Rxh6 Rxa2 42. h3 a4 43. Rf6 Ra1+ 44. Kf2 a3 45. Ra6 a2 {0-1 (45) Carlsen,M 
(2815)-Anand,V (2817) Monte Carlo 2011}) 8... Nf6 9. Qe1 Nc6 10. Bc4 Nd4 {
Der erste neue Zug.} (10... Na5 11. Be2 {usw. war Xiong zu wenig.}) 11. Qh4 $6
b5 ({Schwarz hätte auf den vorwitzigen Damenausflug einfach mit} 11... Nxc2
12. Rb1 Nd4 {reagieren können.}) 12. Nxd4 cxd4 13. Nxb5 Qb6 14. a4 a6 15. a5
Qc6 16. Na3 Nxe4 {Diagramm [#] Schwarz steht gut und verfügt über eine
leichte Initiative.} 17. d3 Nf6 18. Nb1 (18. Bb3 {war umsichtiger.} d5 {
könnte Weiß jetzt mit} 19. f5 {beantworten.}) 18... d5 19. Bb3 Qc5 $1 {
Deckt vorsorglich die Bauern d4 und e7.} 20. Re1 Ng4 21. Re2 Ne3 22. h3 $2 (22.
Nd2 O-O (22... Bg4 23. Ba4+ $11) 23. Nf3 {kam in Frage.}) 22... O-O 23. Qe1
Rab8 24. Ra3 Rfc8 {Diagramm [#] Mit seiner hochüberlegenen Figurenstellung
steht Schwarz klar auf Gewinn. Aus weißer Sicht eine komplett verkorkste
Partie.} 25. Kh1 Bf5 26. Bxe3 dxe3 27. Rxe3 Bxb2 28. Ra2 Bd4 29. Rf3 h5 30. Nd2
Bc3 31. Qf2 e6 32. Qxc5 Rxc5 33. Nf1 Rxa5 34. Rxa5 Bxa5 35. Kh2 Bc3 36. g3 (36.
Ne3 h4) 36... a5 37. Ne3 Rb4 {Diagramm [#] Von Xiong genau berechnet!} 38. g4
hxg4 39. hxg4 Bxd3 40. Ng2 a4 41. Bxa4 Be4 42. Rxc3 Rxa4 43. Ne1 Ra1 (43... g5
$1 44. fxg5 Kg7 {war hier der einfachste Gewinnplan.}) 44. Re3 Rc1 45. Re2 Kf8
46. Kg3 Ke7 47. g5 Kd6 48. Kf2 Bf5 49. Nd3 (49. Ke3 {war hartnäckiger.}) 49...
Rh1 50. Ne5 Rh2+ 51. Ke3 d4+ 52. Kd2 Rxe2+ 53. Kxe2 Kd5 54. Kd2 Ke4 55. Nxf7
Kxf4 56. c3 d3 57. Nd6 e5 58. Nc4 e4 59. Ne3 Kxg5 60. Ke1 Bg4 61. Nd5 Kf5 62.
Kd2 Ke5 63. Ne7 g5 64. Ke3 Bf3 65. c4 g4 66. Ng6+ Kd6 67. Nh4 Kc5 68. Nf5 Kxc4
69. Kd2 Kd5 70. Ke3 Ke6 71. Ng3 Ke5 72. Nf1 Kf5 73. Ng3+ Kg5 74. Nf1 Kh4 75.
Kf2 Kh3 76. Ke3 g3 77. Nd2 g2 78. Kf2 0-1

[Event "New York op"]
[Site "New York"]
[Date "1991.??.??"]
[Round "7"]
[White "Rabinovich, Arkady"]
[Black "Meyer, Eugene B"]
[Result "0-1"]
[WhiteElo "2340"]
[BlackElo "2470"]
[Annotator "Blatny,P"]
[PlyCount "74"]
[EventDate "1991.03.??"]
[EventType "swiss"]
[EventRounds "9"]
[EventCountry "USA"]
[SourceTitle "CBM 023"]
[Source "ChessBase"]
[SourceDate "1991.08.01"]
[SourceVersion "1"]
[SourceVersionDate "1991.08.01"]
[SourceQuality "1"]

1. e4 c5 2. Nc3 e6 3. g3 d5 4. exd5 exd5 5. Bg2 Nf6 6. Nge2 d4 7. Ne4 Nxe4 8.
Bxe4 Nc6 9. d3 Bd6 10. Nf4 (10. Bf4 Ne5) 10... Ne5 11. h3 O-O 12. O-O Kh8 {/\g5
} 13. Bg2 a5 14. a4 Ra6 $1 15. Re1 Bb8 16. c3 g5 17. cxd4 cxd4 18. Nh5 Bf5 19.
Ra3 f6 20. Qe2 Re6 21. Qd1 Rfe8 22. Rf1 Nc6 23. Qf3 Bg6 24. h4 Ne5 25. Qd1 Bf5
26. f3 gxh4 27. Nf4 Rc6 28. gxh4 Rg8 29. Qe2 Qc7 30. Bd2 Rc2 31. Rb3 Nxd3 $1
32. Rxd3 (32. Nxd3 Qh2+ 33. Kf2 Bg3#) 32... Qxf4 33. Rf2 Qh2+ 34. Kf1 Rxd2 35.
Rxd2 Bh3 {/\Qh1#} 36. Qe7 Bxg2+ 37. Ke2 (37. Rxg2 Qh1+) 37... Qe5+ 0-1

[Event "Tbilisi"]
[Site "Tbilisi"]
[Date "1991.??.??"]
[Round "?"]
[White "Gurgenidze, Bukhuti"]
[Black "Arakhamia Grant, Ketevan"]
[Result "0-1"]
[WhiteElo "2370"]
[BlackElo "2440"]
[Annotator "Blatny,P"]
[PlyCount "108"]
[EventDate "1991.05.??"]
[EventType "tourn"]
[EventRounds "11"]
[EventCountry "GEO"]
[EventCategory "9"]
[SourceTitle "CBM 024"]
[Source "ChessBase"]
[SourceDate "1991.10.01"]
[SourceVersion "1"]
[SourceVersionDate "1991.10.01"]
[SourceQuality "1"]

1. e4 c5 2. Nc3 Nc6 3. Bb5 e6 4. Bxc6 bxc6 5. d3 d6 6. Nge2 g6 7. b3 Bg7 8. Bb2
Nf6 9. Qd2 O-O 10. Na4 e5 11. f4 exf4 12. Nxf4 d5 13. O-O-O dxe4 14. Nxc5 e3
15. Qb4 (15. Qxe3 Ng4 16. Qg1 (16. Qe4 Nf2 17. Qxc6 Bxb2+) (16. Qf3 Bxb2+ 17.
Kxb2 Qd4+ $19) 16... Bxb2+ 17. Kxb2 Qf6+ $19) 15... g5 16. Ne2 Bg4 17. Rde1 Rb8
18. Qa3 Qd5 19. h3 Bxe2 20. Rxe2 Rfe8 21. Rf1 Re5 $1 22. Qxa7 Rbe8 23. c4 Qd6
24. b4 Rxc5 $1 25. Qxc5 Qxd3 26. Rfe1 Ne4 27. Qxe3 Qxc4+ 28. Rc2 Bxb2+ 29. Kxb2
Qxb4+ 30. Ka1 Kf8 31. Rb1 Qa5 32. Qc1 c5 33. Qb2 f6 34. Qb5 Qd8 35. Qc4 Re5 36.
a4 $4 $138 Nd2 $19 37. Qc3 Nxb1 38. Kxb1 Qb6+ 39. Ka2 Qe6+ 40. Kb2 Qb6+ 41. Ka3
Qe6 42. Rd2 Qe7 43. Kb3 Re3 44. Rd3 Re2 45. Rd2 Re4 46. a5 Rb4+ 47. Kc2 Kg7 48.
Qd3 Qe5 49. Kd1 c4 50. Qd4 Rb1+ 51. Kc2 Qf5+ 52. Rd3 (52. Kc3 Rb3+ 53. Kxc4
Qb5#) 52... cxd3+ 53. Kxb1 Qf1+ 54. Kb2 Qe2+ 0-1

[Event "World Cup"]
[Site "Reykjavik"]
[Date "1991.??.??"]
[Round "5"]
[White "Ljubojevic, Ljubomir"]
[Black "Portisch, Lajos"]
[Result "1-0"]
[WhiteElo "2600"]
[BlackElo "2570"]
[Annotator "Blatny,P"]
[PlyCount "81"]
[EventDate "1991.09.??"]
[EventType "tourn"]
[EventRounds "15"]
[EventCountry "ISL"]
[EventCategory "16"]
[SourceTitle "CBM 026"]
[Source "ChessBase"]
[SourceDate "1992.02.01"]
[SourceVersion "1"]
[SourceVersionDate "1992.02.01"]
[SourceQuality "1"]

1. e4 {Ernst} c5 2. Nc3 d6 3. f4 Nc6 (3... g6 4. Nf3 Bg7 5. Bc4 Nc6 {Gutman})
4. Nf3 g6 5. Bb5 (5. Bc4 {--> Short-Gelfand, Bruxelles(cm) CBM25} Bg7 6. O-O e6
(6... Nf6 7. d3 O-O 8. f5 gxf5 9. Qe1 $44) 7. f5 $132 (7. d3 Nge7 8. Qe1 O-O 9.
Bb3 d5 10. Kh1 a6 11. f5 dxe4 12. dxe4 exf5 $132 {Tischbierek-Timoshenko,
Ostende 1991} 13. h4)) 5... Bd7 6. O-O Bg7 {/\Nd4} 7. d3 (7. Bxc6 Bxc6 8. d3
Nf6 9. Qe1 O-O (9... Qd7 10. Kh1 a6 11. Bd2 b5 12. Nd1 b4 13. Ne3 Rb8 14. f5
Qc7 15. Qh4 a5 16. Rae1 a4 17. Nc4 Rd8 18. Bh6 $36 {Hort-Ignatiev, Moscow 1962}
) 10. f5 Nd7 11. Qh4 e6 12. Bg5 Bf6 $2 13. Bxf6 Nxf6 14. Ng5 exf5 15. exf5 Nh5
16. f6 $1 $40 {Zinn-Padevski, Bulgary 1959}) 7... a6 (7... Nd4 8. Bxd7+ Qxd7 9.
Nxd4 (9. Be3 Nh6 10. h3 f5 11. Qd2 Nf7 12. Qf2 Nc6 $14 {Hodgson-Day, 1991})
9... cxd4 10. Ne2 f5 11. exf5 gxf5 12. Ng3 Nf6 13. Nh5 Nxh5 14. Qxh5+ Kf8 $10)
(7... Nf6 8. e5 dxe5 9. Nxe5 Nd4 10. Bc4 O-O 11. Nxd7 Qxd7 12. a4 Rad8 13. Kh1
Qg4 $13 {Romanishin-Tseshkovsky, Erevan 1980}) 8. Bxc6 Bxc6 9. Qe1 Qd7 {/\f5}
10. a4 {/\a5} (10. Qh4 $6 f5 $1 11. e5 $2 Bxf3 12. Rxf3 dxe5 $17) (10. f5 $5 {
Rogers}) (10. Kh1 {Ernst} Nh6 11. Bd2 b5 12. Rb1 b4 13. Nd1 f5 $17) 10... b6
11. h3 (11. b3 $6 Nf6 12. h3 (12. Bb2 Nh5 13. Qc1 f5 {Kasparov}) 12... Nh5 13.
Bd2 (13. g4 Ng3) 13... f5 $15 {Ljubojevic-Kasparov, Linares 1991}) (11. Bd2 {
Kasparov}) 11... Nf6 12. Bd2 (12. b3 $6 Nh5 13. Bd2 f5 14. exf5 gxf5 15. Qh4
Nf6 16. Rae1 O-O-O $15 {--> Ljubojevic-Kasparov, Linares 1991 (INF 51,CBM)})
12... h5 (12... Nh5 $2 13. g4) (12... b5 $132 {Ernst}) 13. e5 $1 Nh7 (13... Nd5
14. Ng5 $1 $40) 14. exd6 Qxd6 (14... Bxf3 15. Rxf3 Qxd6 16. f5 $16) 15. Ne5
Bxe5 (15... Bb7 16. a5 b5 17. Ne4 Qc7 18. Be3 Bxe5 19. fxe5 Bxe4 20. dxe4 Qxe5
21. Qf2 Nf6 22. Bxc5 O-O $13 {Portisch}) (15... O-O $2 16. Nxc6 Qxc6 17. Qxe7 {
+/-/+-}) 16. fxe5 Qd4+ 17. Qf2 Qxf2+ (17... Qxe5 $4 18. Qxf7+ $18) 18. Rxf2 Nf8
$16 {/\Ne6-d4} 19. Raf1 {><f7} Rh7 20. a5 $1 {-><<} b5 (20... bxa5 21. Ra1 Ne6
22. Rxa5 {><a6,c5}) 21. b4 $1 cxb4 (21... Ne6 22. bxc5 Nxc5 23. Be3 {/\d4}) 22.
Na2 $36 b3 $6 (22... Bb7 23. Nxb4 Ne6 {[+]}) 23. Nb4 Bb7 24. cxb3 Ne6 25. Rc1
$1 $16 {<->c |^} Rd8 (25... Rc8 26. Rxc8+ Bxc8 27. Be3 $16) 26. Be3 Rd7 (26...
Nd4 $2 27. Rc7) 27. Rd2 f6 $2 (27... h4 28. d4 Rh5 29. Nc6 $16) (27... Nd4 28.
Bxd4 Rxd4 29. Nc6 {Pd4-d5} (29. Rc7 Rxb4 (29... Rd7 $142) 30. Rxb7 Rxb3 31. Rc2
Kd8 32. Rc6 Rxd3 33. Rxa6 $18)) 28. Nxa6 $1 $18 fxe5 (28... Bxa6 29. Rc6 {
ץa6,Ne6} Nc7 30. e6 $18 Nxe6 (30... Rd6 31. Rxc7 Rxe6 32. Bc5) 31. Rxe6 Bc8
32. a6 $1 Rxd3 $2 33. Rxd3 Bxe6 34. a7 $18) 29. Nc5 Nxc5 30. Rxc5 Ba6 31. Rxe5
Rf7 32. Bc5 Rf5 33. Rde2 Rxe5 34. Rxe5 Kf7 (34... Rxd3 35. Rxe7+ Kd8 36. b4 Bc8
37. Rg7 Bf5 (37... Rg3 $2 38. Bb6+ Ke8 39. Rg8+ Kd7 40. Rd8+ $18) 38. a6 Be4
39. a7 Ra3 40. Bb6+ $1 Ke8 (40... Kc8 41. Rc7+ $18) 41. Ba5 $18) 35. d4 e6 36.
Re3 {/\<->f Rf3-f8-a8} Rd5 37. b4 Rf5 38. Bd6 {<->c /\Rc3-c7-a7} Rd5 39. Rf3+
Ke8 (39... Rf5 40. Rc3 {<->c}) 40. Rf8+ Kd7 41. Be5 (41. Be5 {/\Ra8} Bc8 42.
Rf7+ Ke8 (42... Kc6 43. Rc7#) 43. Ra7 Rd7 (43... Bd7 44. Rc7 {/\Pa6-a7-a8Q})
44. Ra8 Kd8 45. a6 {/\46.a7,47.Rxc8+,48.a8Q}) 1-0

[Event "Hoogovens"]
[Site "Wijk aan Zee"]
[Date "1992.01.??"]
[Round "12"]
[White "Sax, Gyula"]
[Black "Gelfand, Boris"]
[Result "0-1"]
[WhiteElo "2600"]
[BlackElo "2665"]
[Annotator "Blatny,P"]
[PlyCount "95"]
[EventDate "1992.01.??"]
[EventType "tourn"]
[EventRounds "13"]
[EventCountry "NED"]
[EventCategory "14"]
[SourceTitle "CBM 028"]
[Source "ChessBase"]
[SourceDate "1992.06.01"]
[SourceVersion "1"]
[SourceVersionDate "1992.06.01"]
[SourceQuality "1"]

1. e4 c5 2. Nc3 d6 (2... Nc6 3. f4 {--> Plaskett-Kotronias} (3. Bb5 Nd4 4. Nf3
{--> Thesing-Leko} (4. a4 {--> Thesing-Lanka}))) 3. f4 Nc6 (3... g6 4. d4 $5
cxd4 5. Qxd4 Nf6 6. e5 Nc6 7. Bb5 Nh5 (7... dxe5 8. Qxd8+ $44) 8. Nf3 (8. e6
Bg7 9. exf7+ Kxf7 10. Qf2 Rf8 $15 {/\Kg8 <->f}) 8... Bg7 9. O-O O-O 10. Bxc6
bxc6 11. Be3 Bg4 12. Rae1 Qa5 $36 {Christiansen-Ftacnik, Groningen 1991}) 4.
Nf3 (4. Bb5 {--> Thesing-Stangl}) 4... g6 5. Bc4 Bg7 6. O-O e6 7. d3 Nge7 8.
Qe1 h6 (8... Nd4 $5 {--> CBM26}) (8... O-O 9. Bb3 d5 10. Kh1 f5 (10... a6 11.
a4 Rb8 12. f5 $5 dxe4 13. dxe4 exf5 14. Qh4 b5 $132) 11. e5 a6 12. a4 Rb8 13.
Ne2 b5 14. axb5 axb5 15. c3 $132) 9. Qg3 (9. Bb3 a6 (9... O-O 10. f5 exf5 11.
Qh4 $40) 10. a4 Rb8 11. Qg3 {/\f5} Nd4 (11... b5 $142 12. f5 exf5 13. Bf4 c4
$13 {Anand}) 12. Nxd4 cxd4 13. Ne2 b5 14. axb5 axb5 15. Qf2 (15. f5 exf5 16.
Bf4 Rb6 $17) 15... Qb6 16. f5 exf5 17. exf5 gxf5 {Anand-Gelfand, Reggio-Emilia
1991} 18. Nf4 $16) (9. Bd2 O-O 10. Bb3 d5 11. Rd1 f5 {--> Short-Gelfand}) 9...
d5 10. Bb3 O-O 11. f5 $5 (11. Qh4 f5 12. exd5 exd5 $10) 11... dxe4 12. dxe4 (
12. f6 Bxf6 13. Nxe4 Bg7 14. Nxc5 Nf5 $36) 12... exf5 13. Qh4 fxe4 14. Nxe4 Nf5
15. Qxd8 Rxd8 16. Nxc5 b6 (16... Ncd4 17. c3 Nxf3+ {<->1} (17... Nxb3 18. axb3
{<->a}) 18. Rxf3 b6 19. Rd3 $8 Re8 (19... Rxd3 20. Nxd3 Bb7) 20. Bd5 (20. Ba4
Re1+ 21. Kf2 Rxc1 22. Rxc1 bxc5 23. Rd8+ Kh7 24. Bd7 Bb7 $13) (20. Na4 Ba6 $40)
20... Rb8 21. Bf4 (21. Ne4 Ba6 22. Rd1 Rbd8 $36) 21... bxc5 22. Bxb8 Ba6 $17)
17. Ne4 Ncd4 18. c3 Nxf3+ 19. gxf3 (19. Rxf3 Bb7 $17 {/^a8-h1}) 19... g5 (19...
Bb7 20. Bf4) 20. Kf2 Bb7 21. Be3 Nxe3 (21... Be5 {קh2}) 22. Kxe3 Be5 23. h4
Bf4+ (23... gxh4 24. Rh1) 24. Kf2 Bxe4 (24... g4 25. Rg1 $132) 25. fxe4 Rd2+
26. Kf3 Rxb2 27. hxg5 (27. Rad1 Rc8 28. hxg5 hxg5 29. Rd7 Rxc3+ 30. Kg4 Rg2+
31. Kf5 Rc5+ 32. Bd5 $13) 27... hxg5 28. Rad1 Kg7 {/\Rh8} 29. Rh1 Rc8 30. Rd7
Rxc3+ 31. Kg4 Rg2+ 32. Kf5 (32. Kh5 $142 Rc7) 32... Rc5+ 33. Bd5 Rc7 34. Rxc7
Bxc7 35. Rc1 Rf2+ 36. Kg4 Be5 37. Rc8 Kg6 38. Rg8+ Kf6 39. Ra8 a5 $19 40. Rc8
Rf4+ 41. Kh3 Rh4+ 42. Kg2 g4 43. Rf8 Rh2+ 44. Kf1 Rh7 45. Rg8 Rh1+ 46. Ke2 g3
47. Rg4 b5 48. Rg8 0-1

[Event "Chalkidiki"]
[Site "Chalkidiki"]
[Date "1992.??.??"]
[Round "9"]
[White "Adams, Michael"]
[Black "Lautier, Joel"]
[Result "1-0"]
[WhiteElo "2610"]
[BlackElo "2580"]
[Annotator "Blatny,P"]
[PlyCount "69"]
[EventDate "1992.09.??"]
[EventType "tourn"]
[EventRounds "11"]
[EventCountry "GRE"]
[EventCategory "14"]
[SourceTitle "CBM 032"]
[Source "ChessBase"]
[SourceDate "1993.02.01"]
[SourceVersion "1"]
[SourceVersionDate "1993.02.01"]
[SourceQuality "1"]

1. e4 c5 2. Nc3 e6 3. f4 d5 $5 (3... Nc6 4. Nf3) 4. Nf3 (4. e5 Ne7 {/\5...d4,6.
..Nd5}) 4... Nf6 5. Bb5+ (5. e5 Nfd7 {--> French defence}) 5... Nc6 6. d3 Be7 (
6... dxe4 7. Bxc6+ bxc6 8. dxe4 {קc5,c6 --> _|_} (8. Nxe4 {קc5} Nxe4 9. dxe4
{קc5,c6 --> _|_})) 7. Bxc6+ bxc6 8. O-O Ba6 {/\c4, /^a6-f1} 9. e5 Nd7 10. b3 (
10. Re1 c4 11. d4 c5 $13) 10... c4 11. dxc4 dxc4 12. Re1 Nb6 {/\Nd5 [+]} (12...
Nc5 13. Be3 $14 (13. Ba3 $6 Qa5 $36)) 13. Ne4 O-O 14. Be3 (14. Qe2 $5 {/\Qf2,
Be3,Rad1 ->>>}) 14... Nd5 {קf4} 15. Qd2 Nxe3 {/\^^ _|_} 16. Qxe3 Qb6 $6 (16...
Qa5 $142 17. Red1 Bd8 $5 $36) 17. Rad1 {<->d,><d6} Rfd8 18. Nd6 {קc4} cxb3 19.
axb3 h6 20. Rd2 {/\Red1 <->d} (20. f5 exf5 21. Nxf5 Bf8 22. e6 fxe6 23. Qxb6
axb6 24. Rxd8 Rxd8 25. Rxe6 Bc8 $10) 20... c5 21. Red1 Bb7 22. Kh1 Bc6 (22...
Bxf3 $142 {+/=/+/-}) 23. Rd3 Bb5 {/\קb3} 24. c4 {()} Ba6 25. f5 exf5 26. Nxf5
Qe6 (26... Bf8 27. Rxd8 Rxd8 28. Rxd8 Qxd8 29. e6 $40 Be7 (29... Qd1+ 30. Ng1
$18 {/\31.e7;30...fe 31.Qe6+ /\ 32.Qa6}) 30. h3 Bc8 31. exf7+ Kxf7 32. Ne5+ $40
) 27. Nd6 Rd7 (27... Bxd6 28. Rxd6 Rxd6 29. Rxd6 Qc8 30. Rd5 {+/-/+- _|_}) 28.
Qxc5 Bb7 29. Qf2 Rad8 30. Nd4 $18 Qxe5 (30... Qg6 31. Qxf7+ Qxf7 32. Nxf7 Kxf7
33. e6+ $18) 31. Nxf7 Bxg2+ (31... Qf6 32. Qxf6 Bxf6 33. Nxd8 Rxd8 34. Ne6 $18)
32. Qxg2 Kxf7 33. Nc6 Qe6 (33... Qc7 34. Rxd7 Rxd7 35. Rxd7 {/\Ne5 +-}) 34.
Nxd8+ Rxd8 35. Qf2+ 1-0